000 00456nam a2200169 i 4500
001 43435
003 ES-MaACL
005 20230906160806.0
007 t|
008 030317s1908 fr ||||1| fre d
100 1 _aCaterly, James.
_937059
245 1 3 _aLes roumains /
_cJames Caterly.
260 _aParis :
_bCalmann-Lévy,
_c1908 (
_fImp. Renouard)
300 _a305 p. ;
_c25 cm.
651 4 _aRumanía-
_xHistoria.
_9137345
852 _aES-MaACL
_jF-9916
999 _c43435
_d43435